| 000 | 01146pam a2200313 a 4500 | ||
|---|---|---|---|
| 001 | 2454187 | ||
| 003 | NUST - PNEC | ||
| 005 | 20170116181140.0 | ||
| 008 | 890413s1990 nyua b 001 0 eng | ||
| 010 | _a 89033571 | ||
| 020 | _a047163526X | ||
| 040 |
_aDLC _cLIBRARY _dDLC |
||
| 050 | 0 | 0 |
_aTA177.4 _b.G7 1990 |
| 082 | 0 | 0 |
_a658.155 GRA _220 |
| 100 | 1 |
_aGrant, Eugene Lodewick, _d1897- |
|
| 245 | 1 | 0 |
_aPrinciples of engineering economy / _cEugene L. Grant, W. Grant Ireson, Richard S. Leavenworth. |
| 250 | _a8th ed. | ||
| 260 |
_aNew York : _bWiley, _cc1990. |
||
| 300 |
_axiv, 591 p. : _bill. ; _c26 cm. |
||
| 500 | _aIncludes index. | ||
| 504 | _aBibliography: p. [563]-571. | ||
| 650 | 0 |
_aEngineering economy. _xGeneral |
|
| 700 | 1 |
_aIreson, William Grant, _d1914- |
|
| 700 | 1 | _aLeavenworth, Richard S. | |
| 856 | 4 | 2 |
_3Publisher description _uhttp://www.loc.gov/catdir/description/wiley033/89033571.html |
| 856 | 4 |
_3Table of Contents _uhttp://www.loc.gov/catdir/toc/onix04/89033571.html |
|
| 942 |
_2ddc _cBK |
||
| 999 |
_c70469 _d70469 |
||